[Event "Saint Louis Spring-A"]
[Site "Saint Louis"]
[Date "2024.04.17"]
[Round "7"]
[White "Yoo, Christopher Woojin"]
[Black "Bok, Benjamin"]
[Result "1/2-1/2"]
[WhiteElo "2583"]
[BlackElo "2620"]
[PlyCount "99"]
[EventDate "2024.04.11"]
[EventType "tourn"]
[EventRounds "9"]
[EventCountry "USA"]
[EventCategory "15"]
[SourceTitle "CB17_2024"]
[SourceDate "2024.04.24"]
[SourceVersion "1"]
[SourceVersionDate "2024.04.24"]
[SourceQuality "1"]

1. e4 e5 2. Nf3 Nc6 3. Bb5 Nf6 4. d3 Bc5 5. Bg5 h6 6. Bh4 Be7 7. Nc3 d6 8. d4 Bd7 9. 0-0 0-0 10. Bxc6 Bxc6 11. dxe5 dxe5 12. Nxe5 Bxe4 13. Qe2 Qd4 14. Ng4 Bc6 15. Qxe7 Qxg4 16. Bg3 Rac8 17. f3 Qf5 18. Qe2 Nd5 19. Nxd5 Bxd5 20. Qe5 Qxe5 21. Bxe5 Rfe8 22. Rfe1 f6 23. Bc3 Kf7 24. a3 Rxe1+ 25. Rxe1 Re8 26. Rxe8 Kxe8 27. Kf2 Be6 28. g4 Bd7 29. h4 Be6 30. Bd2 Kf7 31. Bf4 c6 32. Be3 a6 33. c3 g5 34. hxg5 hxg5 35. Kg3 Bb3 36. Bb6 Bd1 37. Bd8 Ke6 38. f4 gxf4+ 39. Kxf4 Be2 40. g5 fxg5+ 41. Bxg5 Kd5 42. Ke3 Bh5 43. Kd2 Kc4 44. Kc1 Bg6 45. Bf6 Kb3 46. Be7 Bh7 47. Bf8 Bg6 48. Be7 Bh7 49. Bf8 Bg6 50. Be7 1/2-1/2

[Event "Saint Louis Spring-A"]
[Site "Saint Louis"]
[Date "2024.04.14"]
[Round "4"]
[White "Hakobyan, Aram"]
[Black "Bok, Benjamin"]
[Result "1-0"]
[WhiteElo "2619"]
[BlackElo "2620"]
[PlyCount "121"]
[EventDate "2024.04.11"]
[EventType "tourn"]
[EventRounds "9"]
[EventCountry "USA"]
[EventCategory "15"]
[SourceTitle "CB17_2024"]
[SourceDate "2024.04.24"]
[SourceVersion "1"]
[SourceVersionDate "2024.04.24"]
[SourceQuality "1"]

1. d4 d5 2. c4 c6 3. Nf3 Nf6 4. Nc3 dxc4 5. e4 b5 6. a4 b4 7. Na2 Nxe4 8. Bxc4 e6 9. 0-0 Be7 10. Re1 Nf6 11. Ne5 0-0 12. Bg5 a5 13. Nc1 Nd5 14. Bxe7 Nxe7 15. Qg4 Ng6 16. Ncd3 Nd7 17. Rad1 Ndxe5 18. dxe5 Qe7 19. Nf4 Rd8 20. Nxg6 hxg6 21. Rxd8+ Qxd8 22. Rd1 Qe7 23. Rd6 Ba6 24. Bb3 c5 25. Rxe6 Qd7 26. Rxg6 Qxg4 27. Rxg4 Rd8 28. h3 Rd3 29. Bc4 Bxc4 30. Rxc4 Rd1+ 31. Kh2 Rd5 32. f4 Kf8 33. Kg3 Ke7 34. Kf3 Kd7 35. Ke2 Kc6 36. h4 g6 37. g3 Rd7 38. Rc2 Re7 39. Ke3 f6 40. Ke4 f5+ 41. Ke3 Rd7 42. b3 Rd1 43. Rd2 Rxd2 44. Kxd2 Kd5 45. Kd3 c4+ 46. bxc4+ Ke6 47. Kd4 Ke7 48. c5 Kd7 49. Kc4 Ke6 50. c6 Ke7 51. Kd3 Ke6 52. Kd2 Ke7 53. Ke2 Ke6 54. g4 fxg4 55. h5 b3 56. hxg6 b2 57. c7 Kd7 58. c8Q+ Kxc8 59. g7 b1Q 60. g8Q+ Kc7 61. Qc4+ 1-0

[Event "Titled Tuesday intern op 02nd Apr Late"]
[Site "Chess.com INT"]
[Date "2024.04.02"]
[Round "5"]
[White "Bok, Benjamin"]
[Black "Papayan, Oleg"]
[Result "1-0"]
[WhiteElo "2620"]
[BlackElo "2183"]
[PlyCount "95"]
[EventDate "2024.04.02"]
[EventType "swiss (blitz)"]
[EventRounds "11"]
[EventCountry "USA"]
[SourceTitle "CB15_2024"]
[SourceDate "2024.04.10"]
[SourceVersion "1"]
[SourceVersionDate "2024.04.10"]
[SourceQuality "1"]

1. d4 d5 2. c4 dxc4 3. Nf3 Nf6 4. e3 e6 5. Bxc4 a6 6. 0-0 b5 7. Be2 Bb7 8. a4 b4 9. Nbd2 Nbd7 10. b3 c5 11. Bb2 Be7 12. Rc1 0-0 13. Nc4 Nd5 14. Nfe5 Nxe5 15. dxe5 Rc8 16. Nd6 Bxd6 17. exd6 Rc6 18. Be5 Qg5 19. Bg3 Nc3 20. Rxc3 bxc3 21. h4 Qg6 22. d7 Qf6 23. Bf3 Rd8 24. Bxc6 Bxc6 25. Qd6 Bxd7 26. Qxc5 h6 27. Rc1 Qf5 28. Qxf5 exf5 29. Rxc3 Be6 30. Kh2 a5 31. Rc5 Bxb3 32. Rxa5 Be6 33. Ra7 Rd2 34. a5 g5 35. hxg5 hxg5 36. a6 f4 37. exf4 gxf4 38. Bxf4 Rxf2 39. Be3 Ra2 40. Ra8+ Kh7 41. a7 Ra3 42. Rd8 Rxa7 43. Bxa7 Bf5 44. Bd4 f6 45. Bxf6 Kg6 46. Bc3 Kf7 47. Bd2 Ke6 48. Rd4 1-0

[Event "American Cup Blitz"]
[Site "Saint Louis"]
[Date "2024.03.21"]
[Round "6"]
[White "Dominguez Perez, Leinier"]
[Black "Bok, Benjamin"]
[Result "1-0"]
[WhiteElo "2749"]
[BlackElo "2620"]
[PlyCount "87"]
[EventDate "2024.03.21"]
[EventType "swiss (blitz)"]
[EventRounds "7"]
[EventCountry "USA"]
[SourceTitle "CB13_2024"]
[SourceDate "2024.03.27"]
[SourceVersion "1"]
[SourceVersionDate "2024.03.27"]
[SourceQuality "1"]

1. e4 e5 2. Nf3 Nc6 3. Bb5 a6 4. Ba4 Nf6 5. 0-0 Be7 6. Re1 b5 7. Bb3 d6 8. c3 0-0 9. h3 Bb7 10. d3 Na5 11. Bc2 c5 12. Nbd2 Re8 13. Nf1 h6 14. Ng3 Bf8 15. d4 cxd4 16. cxd4 exd4 17. Nxd4 Rc8 18. b3 d5 19. e5 Ne4 20. Bf4 Bb4 21. Qg4 Bxe1 22. Rxe1 Qb6 23. Ngf5 Qg6 24. Qd1 Nc6 25. f3 Nxd4 26. Nxd4 Qb6 27. Be3 Nc3 28. Qd3 Qg6 29. Qd2 Qh5 30. Bf4 Nxa2 31. Bf5 Nc3 32. Bxc8 Rxc8 33. e6 fxe6 34. Rxe6 b4 35. Re7 Re8 36. Rxb7 a5 37. Kh2 Qg6 38. Qf2 Qf6 39. Qd2 Nb1 40. Qc1 Qxd4 41. Bxh6 gxh6 42. Qxh6 Qe5+ 43. f4 Qh8 44. Qg6+ 1-0

[Event "Titled Tuesday intern op 12th Mar Late"]
[Site "Chess.com INT"]
[Date "2024.03.12"]
[Round "8"]
[White "Tarhan, Adar"]
[Black "Bok, Benjamin"]
[Result "1-0"]
[WhiteElo "2432"]
[BlackElo "2620"]
[PlyCount "55"]
[EventDate "2024.03.12"]
[EventType "swiss (blitz)"]
[EventRounds "11"]
[EventCountry "USA"]
[SourceTitle "CB12_2024"]
[SourceDate "2023.10.01"]
[SourceVersion "1"]
[SourceVersionDate "2023.10.01"]
[SourceQuality "1"]

1. e4 c5 2. Nf3 d6 3. d4 cxd4 4. Nxd4 Nf6 5. Nc3 a6 6. h3 e5 7. Nb3 Be7 8. g4 h6 9. Be3 Nbd7 10. Qd2 b5 11. f3 Bb7 12. 0-0-0 b4 13. Ne2 d5 14. Ng3 d4 15. Bf2 Nxg4 16. f4 Nxf2 17. Qxf2 0-0 18. Rg1 Bh4 19. Qf3 exf4 20. Nf5 Kh8 21. Rxd4 Ne5 22. Qh5 Qf6 23. Nxh4 Rad8 24. Nf5 Rxd4 25. Nbxd4 Bxe4 26. Rxg7 Bxf5 27. Nxf5 Rd8 28. Rg1 1-0

[Event "Titled Tuesday intern op 13th Feb Early"]
[Site "Chess.com INT"]
[Date "2024.02.13"]
[Round "7"]
[White "Bok, Benjamin"]
[Black "Gelman, Alexander"]
[Result "1-0"]
[WhiteElo "2620"]
[BlackElo "2403"]
[PlyCount "75"]
[EventDate "2024.02.13"]
[EventType "swiss (blitz)"]
[EventRounds "11"]
[EventCountry "USA"]
[SourceTitle "CB08_2024"]
[SourceDate "2024.02.21"]
[SourceVersion "1"]
[SourceVersionDate "2024.02.21"]
[SourceQuality "1"]

1. d4 Nf6 2. c4 c5 3. Nf3 cxd4 4. Nxd4 d6 5. Nc3 a6 6. g3 e6 7. Bg2 Be7 8. 0-0 0-0 9. b3 Qc7 10. Bb2 Nbd7 11. Rc1 Ne5 12. Qd2 Bd7 13. Rfd1 Rfd8 14. h3 Rac8 15. Qe3 h6 16. Ne4 Ne8 17. c5 dxc5 18. Nf3 Nxf3+ 19. Bxf3 b6 20. b4 c4 21. Bd4 Rb8 22. Qc3 Rbc8 23. Qe3 Ba4 24. Bxb6 Rxd1+ 25. Rxd1 Qb8 26. Rb1 c3 27. Nxc3 Rxc3 28. Qxc3 Qxb6 29. a3 Nd6 30. Rc1 Nb5 31. Qc6 Qa7 32. Qe8+ Kh7 33. Qxf7 Nd6 34. Qxe6 Bb5 35. Be4+ Nxe4 36. Qxe4+ Kg8 37. Qe6+ Kh7 38. Qf5+ 1-0

[Event "Titled Tuesday intern op 13th Feb Early"]
[Site "Chess.com INT"]
[Date "2024.02.13"]
[Round "11"]
[White "Bok, Benjamin"]
[Black "Harutjunyan, Gevorg"]
[Result "1-0"]
[WhiteElo "2620"]
[BlackElo "2358"]
[PlyCount "83"]
[EventDate "2024.02.13"]
[EventType "swiss (blitz)"]
[EventRounds "11"]
[EventCountry "USA"]
[SourceTitle "CB08_2024"]
[SourceDate "2024.02.21"]
[SourceVersion "1"]
[SourceVersionDate "2024.02.21"]
[SourceQuality "1"]

1. d4 Nf6 2. c4 g6 3. g3 Bg7 4. Bg2 0-0 5. Nc3 d6 6. Nf3 c6 7. e4 e5 8. 0-0 exd4 9. Nxd4 Re8 10. h3 Na6 11. Re1 Qb6 12. Nb3 Be6 13. Be3 Qc7 14. Qe2 b6 15. Rad1 Nc5 16. Nd4 a5 17. b3 Rad8 18. Nxc6 Qxc6 19. e5 Qc8 20. exf6 Bxf6 21. Nd5 Bg7 22. Nxb6 Qa6 23. Nd5 Qc8 24. Qf3 a4 25. Nf6+ Kh8 26. Nxe8 Rxe8 27. Bd4 axb3 28. axb3 Qb8 29. Bxg7+ Kxg7 30. Qc3+ Kg8 31. b4 Na4 32. Qd2 Bxc4 33. Rxe8+ Qxe8 34. Qxd6 Nc3 35. Qd8 Qxd8 36. Rxd8+ Kg7 37. Bf1 Bd5 38. b5 Be4 39. b6 Na4 40. Rd4 Nc5 41. Rxe4 Nxe4 42. b7 1-0

[Event "Titled Tuesday intern op 13th Feb Early"]
[Site "Chess.com INT"]
[Date "2024.02.13"]
[Round "2"]
[White "Bok, Benjamin"]
[Black "Ovetchkin, Roman"]
[Result "1-0"]
[WhiteElo "2620"]
[BlackElo "2518"]
[PlyCount "73"]
[EventDate "2024.02.13"]
[EventType "swiss (blitz)"]
[EventRounds "11"]
[EventCountry "USA"]
[SourceTitle "CB08_2024"]
[SourceDate "2024.02.21"]
[SourceVersion "1"]
[SourceVersionDate "2024.02.21"]
[SourceQuality "1"]

1. d4 Nf6 2. c4 c5 3. Nf3 cxd4 4. Nxd4 Qc7 5. Nc3 a6 6. e4 e6 7. Be2 Nc6 8. 0-0 Bd6 9. h3 Bh2+ 10. Kh1 Nxd4 11. Qxd4 Be5 12. Qd3 b6 13. Be3 Bb7 14. Bd4 0-0 15. Bxe5 Qxe5 16. f4 Qc7 17. e5 Ne8 18. Rad1 Rd8 19. Bf3 Bxf3 20. Rxf3 f6 21. Rdf1 d6 22. exf6 Nxf6 23. Re1 Rfe8 24. Rfe3 Qf7 25. b3 h6 26. Qd4 b5 27. cxb5 axb5 28. Nxb5 d5 29. Nc3 Nh5 30. Rf3 g6 31. a4 Ng7 32. Kh2 Nf5 33. Qe5 h5 34. Nb5 h4 35. Rc3 Qg7 36. Qxg7+ Kxg7 37. Nc7 1-0

[Event "Titled Tuesday intern op 13th Feb Early"]
[Site "Chess.com INT"]
[Date "2024.02.13"]
[Round "10"]
[White "Bok, Benjamin"]
[Black "Rohit, Krishna S"]
[Result "0-1"]
[WhiteElo "2620"]
[BlackElo "2410"]
[PlyCount "68"]
[EventDate "2024.02.13"]
[EventType "swiss (blitz)"]
[EventRounds "11"]
[EventCountry "USA"]
[SourceTitle "CB08_2024"]
[SourceDate "2024.02.21"]
[SourceVersion "1"]
[SourceVersionDate "2024.02.21"]
[SourceQuality "1"]

1. d4 Nf6 2. c4 e6 3. Nc3 Bb4 4. Qc2 0-0 5. a3 Bxc3+ 6. Qxc3 d5 7. Bg5 h6 8. Bxf6 Qxf6 9. Nf3 c6 10. h4 Nd7 11. g4 Re8 12. g5 hxg5 13. hxg5 Qe7 14. cxd5 exd5 15. 0-0-0 Nf8 16. e3 Qe4 17. Be2 Bf5 18. Nd2 Qg2 19. Rdf1 Qxg5 20. Nf3 Qg4 21. Rfg1 Qe4 22. Rh4 Qe7 23. Rgh1 Ng6 24. R4h2 Rac8 25. Ne5 c5 26. Nxg6 fxg6 27. Kd2 Kf7 28. Bf3 Qd6 29. Qb3 Be6 30. Qxb7+ Rc7 31. Qb3 cxd4 32. Rh4 dxe3+ 33. fxe3 d4 34. Rxd4 Qxd4+ 0-1

[Event "Titled Tuesday intern op 13th Feb Early"]
[Site "Chess.com INT"]
[Date "2024.02.13"]
[Round "9"]
[White "Mahdavi, Reza"]
[Black "Bok, Benjamin"]
[Result "0-1"]
[WhiteElo "2312"]
[BlackElo "2620"]
[PlyCount "114"]
[EventDate "2024.02.13"]
[EventType "swiss (blitz)"]
[EventRounds "11"]
[EventCountry "USA"]
[SourceTitle "CB08_2024"]
[SourceDate "2024.02.21"]
[SourceVersion "1"]
[SourceVersionDate "2024.02.21"]
[SourceQuality "1"]

1. d4 Nf6 2. c4 e6 3. Nf3 b6 4. g3 Ba6 5. b3 Bb4+ 6. Bd2 Be7 7. Bg2 0-0 8. 0-0 d5 9. Qc2 c5 10. Rd1 Nc6 11. dxc5 bxc5 12. Bg5 h6 13. Bxf6 Bxf6 14. Nc3 Qa5 15. Rac1 d4 16. Ne4 Be7 17. a3 Rab8 18. Ne1 Qb6 19. Nd3 Bb7 20. Rb1 a5 21. b4 cxb4 22. c5 Qb5 23. axb4 axb4 24. Nd6 Bxd6 25. cxd6 Rfd8 26. Bxc6 Bxc6 27. Nxb4 Ba8 28. Rxd4 Qe5 29. Rbd1 Rbc8 30. Qd2 Qf5 31. f3 e5 32. Rd3 e4 33. Re3 exf3 34. exf3 Qc5 35. Kg2 Rd7 36. Rd3 Rcd8 37. Rd4 Qf5 38. Qd3 Qf6 39. Nc2 Rxd6 40. Rxd6 Rxd6 41. Qe2 Qxf3+ 42. Qxf3 Bxf3+ 43. Kxf3 Rxd1 44. Ne3 Ra1 45. h4 Ra3 46. h5 g6 47. hxg6 fxg6 48. Kf4 Kg7 49. Kf3 h5 50. Kf4 Ra4+ 51. Kf3 Kf6 52. Nd5+ Kg5 53. Ne3 Ra3 54. Kf2 Rxe3 55. Kxe3 Kg4 56. Kf2 Kh3 57. Kf3 g5 0-1

[Event "Titled Tuesday intern op 13th Feb Late"]
[Site "Chess.com INT"]
[Date "2024.02.13"]
[Round "3"]
[White "Zou, Chen"]
[Black "Bok, Benjamin"]
[Result "1/2-1/2"]
[WhiteElo "2449"]
[BlackElo "2620"]
[PlyCount "117"]
[EventDate "2024.02.13"]
[EventType "swiss (blitz)"]
[EventRounds "11"]
[EventCountry "USA"]
[SourceTitle "CB08_2024"]
[SourceDate "2024.02.21"]
[SourceVersion "1"]
[SourceVersionDate "2024.02.21"]
[SourceQuality "1"]

1. Nf3 Nf6 2. c4 b6 3. g3 Bb7 4. Bg2 g6 5. b3 Bg7 6. Bb2 0-0 7. 0-0 e6 8. d4 Qe7 9. Nc3 Ne4 10. Nxe4 Bxe4 11. e3 c5 12. Qe2 Nc6 13. Rfd1 Rfd8 14. Rd2 d5 15. Rad1 dxc4 16. Qxc4 Rac8 17. dxc5 Bxf3 18. Bxf3 Bxb2 19. Bxc6 Rxd2 20. Rxd2 Rxc6 21. Rxb2 Rxc5 22. Qe4 Qd7 23. Rb1 Kg7 24. b4 Rd5 25. Qc2 Rd2 26. Qc3+ Kh6 27. a3 Rd3 28. Qb2 Qd5 29. Rc1 Qf3 30. a4 Rd1+ 31. Rxd1 Qxd1+ 32. Kg2 Qxa4 33. b5 Qe4+ 34. Kg1 Qd5 35. h4 e5 36. Kh2 f6 37. Kg1 Kh5 38. Qe2+ Kh6 39. Qb2 g5 40. hxg5+ Kxg5 41. Qb4 h5 42. Qh4+ Kg6 43. Qb4 Kf5 44. Kh2 Qf3 45. Kg1 Kg6 46. Qb1+ Kg5 47. Qb4 Qd1+ 48. Kg2 Qd5+ 49. Kg1 Qf3 50. Qc4 Kf5 51. Qc8+ Kg6 52. Qg8+ Kh6 53. Qh8+ Kg5 54. Qg8+ Kf5 55. Qc8+ Kg5 56. Qg8+ Kh6 57. Qh8+ Kg6 58. Qg8+ Kf5 59. Qc8+ 1/2-1/2

[Event "Titled Tuesday intern op 06th Feb Late"]
[Site "Chess.com INT"]
[Date "2024.02.06"]
[Round "1"]
[White "Bok, Benjamin"]
[Black "Shohat, Yotam"]
[Result "1-0"]
[WhiteElo "2620"]
[BlackElo "2369"]
[PlyCount "67"]
[EventDate "2024.02.06"]
[EventType "swiss (blitz)"]
[EventRounds "11"]
[EventCountry "USA"]
[SourceTitle "CB07_2024"]
[SourceDate "2024.02.14"]
[SourceVersion "1"]
[SourceVersionDate "2024.02.14"]
[SourceQuality "1"]

1. d4 Nf6 2. c4 e6 3. Nc3 Bb4 4. Qc2 0-0 5. a3 Bxc3+ 6. Qxc3 d5 7. Bg5 dxc4 8. Qxc4 b6 9. Rd1 Ba6 10. Qa4 Qd7 11. Qc2 Rd8 12. Bxf6 gxf6 13. Nf3 c5 14. dxc5 Qxd1+ 15. Qxd1 Rxd1+ 16. Kxd1 bxc5 17. e3 Bxf1 18. Rxf1 Nd7 19. Kc2 Kf8 20. g4 Ke7 21. h3 h5 22. Rg1 hxg4 23. Rxg4 Rh8 24. h4 f5 25. Ra4 Ra8 26. h5 Kf6 27. Ra6 Nb6 28. Kc3 Rg8 29. Rxa7 Rg2 30. h6 Nd5+ 31. Kc4 Rxf2 32. h7 Kg7 33. Rxf7+ Kh8 34. Ng5 1-0

[Event "Titled Tuesday intern op 06th Feb Early"]
[Site "Chess.com INT"]
[Date "2024.02.06"]
[Round "10"]
[White "Erigaisi, Arjun Kumar"]
[Black "Bok, Benjamin"]
[Result "0-1"]
[WhiteElo "2738"]
[BlackElo "2620"]
[PlyCount "50"]
[EventDate "2024.02.06"]
[EventType "swiss (blitz)"]
[EventRounds "11"]
[EventCountry "USA"]
[SourceTitle "CB07_2024"]
[SourceDate "2024.02.14"]
[SourceVersion "1"]
[SourceVersionDate "2024.02.14"]
[SourceQuality "1"]

1. c4 Nf6 2. Nc3 e5 3. Nf3 Nc6 4. d4 exd4 5. Nxd4 Bb4 6. g3 Bxc3+ 7. bxc3 0-0 8. Bg2 Ne5 9. c5 d6 10. cxd6 Qxd6 11. 0-0 c6 12. Rb1 Qc7 13. Qa4 Bd7 14. Qa3 Rfe8 15. Rd1 h6 16. h3 b6 17. Bf4 Nd5 18. Qc1 Nxf4 19. Qxf4 Rad8 20. g4 Qc8 21. Nf5 Ng6 22. Qf3 Bxf5 23. gxf5 Nh4 24. Qxc6 Qxf5 25. Rxd8 Qxb1+ 0-1

[Event "Titled Tuesday intern op 06th Feb Early"]
[Site "Chess.com INT"]
[Date "2024.02.06"]
[Round "7"]
[White "Hakobyan, Aram"]
[Black "Bok, Benjamin"]
[Result "0-1"]
[WhiteElo "2619"]
[BlackElo "2620"]
[PlyCount "100"]
[EventDate "2024.02.06"]
[EventType "swiss (blitz)"]
[EventRounds "11"]
[EventCountry "USA"]
[SourceTitle "CB07_2024"]
[SourceDate "2024.02.14"]
[SourceVersion "1"]
[SourceVersionDate "2024.02.14"]
[SourceQuality "1"]

1. d4 Nf6 2. c4 e6 3. Nc3 Bb4 4. e3 0-0 5. a3 Bxc3+ 6. bxc3 d6 7. Ne2 c5 8. Ng3 Nc6 9. Ra2 b6 10. e4 Ba6 11. Bg5 h6 12. h4 cxd4 13. cxd4 hxg5 14. hxg5 g6 15. Rd2 Nh7 16. f4 Nxg5 17. Qg4 Kg7 18. fxg5 Rh8 19. Rxh8 Qxh8 20. Qf4 Qd8 21. e5 dxe5 22. dxe5 Qe7 23. Ne4 Qxa3 24. Nd6 Rf8 25. Be2 Qa1+ 26. Kf2 Qxe5 27. Qxe5+ Nxe5 28. Ra2 Rd8 29. Nxf7 Kxf7 30. Rxa6 Rd7 31. Ke3 Rc7 32. Ra1 Ke7 33. Kd4 Kd6 34. Rf1 Nc6+ 35. Ke4 Ne5 36. Kd4 Rf7 37. Rc1 Rf2 38. Bf1 Rf4+ 39. Ke3 Rg4 40. Ra1 a5 41. Rb1 Nxc4+ 42. Bxc4 Rxc4 43. Rb2 Kc5 44. Kf3 b5 45. Re2 Kd5 46. Rd2+ Rd4 47. Rc2 a4 48. Rc8 a3 49. Ke3 Ra4 50. Rd8+ Ke5 0-1

[Event "Titled Tuesday intern op 06th Feb Late"]
[Site "Chess.com INT"]
[Date "2024.02.06"]
[Round "6"]
[White "Hong, Andrew Z"]
[Black "Bok, Benjamin"]
[Result "0-1"]
[WhiteElo "2542"]
[BlackElo "2620"]
[PlyCount "146"]
[EventDate "2024.02.06"]
[EventType "swiss (blitz)"]
[EventRounds "11"]
[EventCountry "USA"]
[SourceTitle "CB07_2024"]
[SourceDate "2024.02.14"]
[SourceVersion "1"]
[SourceVersionDate "2024.02.14"]
[SourceQuality "1"]

1. d4 Nf6 2. Nc3 d5 3. Bf4 c5 4. e3 cxd4 5. exd4 a6 6. Nf3 Nc6 7. Ne5 Bd7 8. Be2 e6 9. 0-0 Be7 10. Qd2 Qb6 11. Rad1 0-0 12. Bg5 Rfd8 13. Qe3 Rac8 14. Bd3 Be8 15. Qh3 Nxd4 16. Bxh7+ Nxh7 17. Bxe7 Qxb2 18. Rxd4 Rxc3 19. Nd3 Rxd3 20. Rxd3 Rc8 21. Rxd5 Qxc2 22. Rd4 Qxa2 23. Rfd1 Qc2 24. Qe3 Nf8 25. h3 Ng6 26. Bg5 Kh7 27. Rd8 Rxd8 28. Rxd8 Bc6 29. Kh2 Qf5 30. g4 Qe5+ 31. Qxe5 Nxe5 32. Kg3 a5 33. Bd2 a4 34. Bc3 Nc4 35. Ra8 b5 36. Ra6 Bd5 37. Bb4 Ne5 38. Rb6 Bc4 39. f4 Nd3 40. Bd6 f6 41. Kf3 Bd5+ 42. Ke3 Bc4 43. Kd4 Ne1 44. Ke3 Nd3 45. h4 Nb2 46. h5 Nd1+ 47. Kd4 Nf2 48. g5 fxg5 49. fxg5 Nh3 50. g6+ Kh6 51. Bf8 Kxh5 52. Bxg7 Kxg6 53. Be5 Kf5 54. Rb7 Ng5 55. Bd6 Nf3+ 56. Ke3 Ng5 57. Ra7 e5 58. Re7 e4 59. Re5+ Kf6 60. Re8 Bd3 61. Ra8 Ke6 62. Bb4 Nf3 63. Ra6+ Kd5 64. Ra8 Kc4 65. Bf8 Kb3 66. Rb8 a3 67. Ra8 a2 68. Ra3+ Kb2 69. Ra5 Ne1 70. Kd2 Nc2 71. Bg7+ Kb1 72. Bc3 b4 73. Be5 b3 0-1

[Event "Chessable Masters Div 2 Win"]
[Site "Chess.com INT"]
[Date "2024.02.03"]
[Round "2.2"]
[White "Bok, Benjamin"]
[Black "Ter Sahakyan, Samvel"]
[Result "1/2-1/2"]
[WhiteElo "2620"]
[BlackElo "2640"]
[PlyCount "94"]
[EventDate "2024.02.02"]
[EventType "k.o. (rapid)"]
[EventRounds "6"]
[EventCountry "USA"]
[SourceTitle "CB06_2024"]
[SourceDate "2024.02.07"]
[SourceVersion "1"]
[SourceVersionDate "2024.02.07"]
[SourceQuality "1"]

1. d4 Nf6 2. c4 e6 3. Nf3 d5 4. g3 Bb4+ 5. Bd2 Be7 6. Bg2 0-0 7. 0-0 Nbd7 8. Qc2 c6 9. Bf4 b6 10. Nbd2 Nh5 11. Be5 Bb7 12. e4 Rc8 13. Rfe1 Nxe5 14. dxe5 d4 15. c5 Bxc5 16. Nb3 Bb4 17. Red1 c5 18. a3 Ba5 19. Qe2 Qe7 20. Nfxd4 cxd4 21. Qxh5 Ba6 22. Nxd4 b5 23. Rac1 Rxc1 24. Rxc1 Bb6 25. Nc6 Qd7 26. Qd1 Qxd1+ 27. Rxd1 Bb7 28. Ne7+ Kh8 29. Rd7 Ba8 30. Bf1 a6 31. Bd3 g6 32. b4 Kg7 33. Rd6 Rb8 34. Kg2 Bc7 35. Rxa6 Bxe5 36. Nc6 Bxc6 37. Rxc6 Bb2 38. Ra6 Rd8 39. Bxb5 Rd2 40. Kf1 Bd4 41. Be2 Rb2 42. b5 Rb1+ 43. Kg2 Rb2 44. Kf3 Rb3+ 45. Kg2 Rb2 46. Kf3 Rb3+ 47. Kg2 Rb2 1/2-1/2

[Event "Chessable Masters Div 2 Win"]
[Site "Chess.com INT"]
[Date "2024.02.03"]
[Round "2.4"]
[White "Bok, Benjamin"]
[Black "Ter Sahakyan, Samvel"]
[Result "1-0"]
[WhiteElo "2620"]
[BlackElo "2640"]
[PlyCount "119"]
[EventDate "2024.02.02"]
[EventType "k.o. (rapid)"]
[EventRounds "6"]
[EventCountry "USA"]
[SourceTitle "CB06_2024"]
[SourceDate "2024.02.07"]
[SourceVersion "1"]
[SourceVersionDate "2024.02.07"]
[SourceQuality "1"]

1. d4 Nf6 2. c4 d6 3. Nf3 g6 4. g3 Bg7 5. Bg2 0-0 6. Nc3 c6 7. e4 Bg4 8. 0-0 Nbd7 9. h3 Bxf3 10. Bxf3 e5 11. d5 Qe7 12. Be3 h5 13. Qd2 c5 14. Rab1 Rac8 15. Bg5 a6 16. Kg2 Qe8 17. Be3 Rc7 18. g4 Kh7 19. Ne2 b5 20. cxb5 axb5 21. gxh5 c4 22. Ng3 Nc5 23. Rh1 Nd3 24. h4 Nf4+ 25. Bxf4 exf4 26. Qxf4 Nd7 27. Qxd6 Be5 28. hxg6+ fxg6 29. Qe6 Qxe6 30. dxe6 Nc5 31. h5 Nxe6 32. hxg6+ Kxg6 33. Bg4 Nf4+ 34. Kf3 c3 35. Bf5+ Kg5 36. Rbg1 Kf6 37. Rh6+ Ke7 38. Rh7+ Rf7 39. Rxf7+ Kxf7 40. bxc3 Rxc3+ 41. Kg4 Rc2 42. Nh5 Nxh5 43. Kxh5 Rxa2 44. Rb1 Bb2 45. f4 b4 46. e5 Bc3 47. Kg4 Rf2 48. Be4 Bd2 49. Bf3 Bc3 50. Kg3 Rd2 51. Kg4 Rd4 52. Kf5 Rd2 53. Be4 Rf2 54. Rh1 Bd2 55. Rh7+ Kg8 56. Rh4 Kg7 57. Rg4+ Kf8 58. Ke6 Bxf4 59. Bh7 Bg5 60. Rxg5 1-0

[Event "Chessable Masters Div 2 Win"]
[Site "Chess.com INT"]
[Date "2024.02.03"]
[Round "2.3"]
[White "Ter Sahakyan, Samvel"]
[Black "Bok, Benjamin"]
[Result "0-1"]
[WhiteElo "2640"]
[BlackElo "2620"]
[PlyCount "128"]
[EventDate "2024.02.02"]
[EventType "k.o. (rapid)"]
[EventRounds "6"]
[EventCountry "USA"]
[SourceTitle "CB06_2024"]
[SourceDate "2024.02.07"]
[SourceVersion "1"]
[SourceVersionDate "2024.02.07"]
[SourceQuality "1"]

1. e4 e5 2. Nf3 Nc6 3. Bc4 Bc5 4. c3 Nf6 5. d3 d6 6. 0-0 a5 7. Nbd2 0-0 8. h3 Be6 9. Bb5 Ba7 10. Re1 Ne7 11. d4 Ng6 12. Bf1 c6 13. a4 h6 14. Qc2 Re8 15. b3 Qc7 16. Bb2 d5 17. exd5 Bxd5 18. Nxe5 Nxe5 19. dxe5 Rxe5 20. c4 Rxe1 21. Rxe1 Qf4 22. Re2 Re8 23. Rxe8+ Nxe8 24. Nb1 Be4 25. Qd2 Qxf2+ 26. Qxf2 Bxf2+ 27. Kxf2 Bxb1 28. Bc3 Bc2 29. Bxa5 Bxb3 30. Ke3 Bxa4 31. Kd4 b5 32. c5 Bb3 33. g3 Be6 34. Bg2 Bd7 35. h4 f6 36. Bc3 Nc7 37. Bb4 Kf7 38. Bf3 g5 39. hxg5 hxg5 40. Ba5 Ne6+ 41. Ke3 Nxc5 42. Bb4 Ne6 43. Bh5+ Kg7 44. Bg4 Nc5 45. Bf3 Nb7 46. Be4 Nd8 47. Be7 Nf7 48. Bc5 Nh6 49. Bc2 Kf7 50. Bb3+ Be6 51. Bc2 Nf5+ 52. Kf2 Ne7 53. Bd3 Bd5 54. Ke3 Ke6 55. Bc2 Nf5+ 56. Kf2 Nd6 57. Ke3 Nb7 58. Bb6 c5 59. Bh7 b4 60. Bc7 Kd7 61. Bb8 Nd6 62. Ba7 Kc6 63. Kd2 Nb5 64. Bb8 Kb7 0-1